MDQL
is popping MORE tags! Check the
thread
!
Quizzes
Events
Quiz Creation
Community
Videos
Private Events
Remove Ads
Sign In
Join for FREE
Feedback
Dark Mode
Quiz Categories
Sports
Geography
Music
Movies
Television
Just For Fun
Miscellaneous
History
Literature
Language
Science
Gaming
Entertainment
Religion
Holiday
For Kids
Quiz Lab
Recent
Popular Today
Quiz Kudos Today
Editor Picks
Curator Picks
Quizzes by...
Day
Popularity
Type
Ratings
Length
Year
Community
Subscriptions
Recent Discussions
Orange Saloon
Badges
Playlists
Quests
Create
Leaderboards
Showdown
Live 5
Trivia Bingo
Activity
Puzzle Library
Sporcle Events
Private Events
Virtual Trivia
Globe League
Become a Host
Pub Owners
SporcleCon
Opinionation
Our Games
Videos
Blog
Mobile Apps
Partnerships
Remove Ads and Go Orange
Feedback
Sports
Athletes
MLB
NBA
NHL
NFL
Soccer
Sports Teams
WWE
NCAA
Football
Premier League
Basketball
Baseball
Hockey
Golf
Tennis
Cricket
Rugby
Auto Racing
Olympics
World Cup
Sports
Athletes
MLB
NBA
NHL
NFL
Soccer
Sports Teams
WWE
NCAA
Football
Premier League
Basketball
Baseball
Hockey
Golf
Tennis
Cricket
Rugby
Auto Racing
Olympics
World Cup
Random Quiz
Search Sporcle
×
Quiz Lab
Quiz Lab
Sports
Auto Racing
Type in answers that appear in a list
Type in answers that appear in a list
Classic
Best Score? Go Orange.
Formula One Drivers (2004 Season) Stats
Can you name the Formula One Drivers (2004 Season)?
By
dxx91
2m
26 Questions
563 Plays
563 Plays
563 Plays
Comments
Comments
Give Quiz Kudos
Give Quiz Kudos
-
- Ratings
hide this ad
Replay
Link that replays current quiz
Next Quiz
Link to next quiz in quiz playlist
You Got
0%
They Got
Avg Score
83%
Avg Friend Score
Upgrade to see
Score Distribution
Jump to the score distribution portion of the page
Score
0/26
Timer
02:00
0
Plays Today
Team
Driver
% Correct
Scuderia Ferrari Marlboro
Michael Schumacher
98.4%
BMW WilliamsF1 Team
Ralf Schumacher
98.4%
BMW WilliamsF1 Team
Juan Pablo Montoya
97.7%
Mild Seven Renault F1 Team
Fernando Alonso
96.1%
Mild Seven Renault F1 Team
Jarno Trulli
93.6%
Panasonic Toyota Racing
Jarno Trulli
93.6%
Scuderia Ferrari Marlboro
Rubens Barrichello
93.1%
West McLaren Mercedes
Kimi Räikkönen
93.1%
Lucky Strike BAR Honda
Jenson Button
92.5%
Sauber Petronas
Felipe Massa
92.3%
Jaguar Racing
Mark Webber
92.2%
Mild Seven Renault F1 Team
Jacques Villeneuve
91.8%
West McLaren Mercedes
David Coulthard
91.6%
Team
Driver
% Correct
Sauber Petronas
Giancarlo Fisichella
90.2%
Lucky Strike BAR Honda
Takuma Sato
88.1%
Jordan Ford
Nick Heidfeld
84.3%
Panasonic Toyota Racing
Olivier Panis
81.7%
Jaguar Racing
Christian Klien
74.4%
BMW WilliamsF1 Team
Marc Gené
74%
Minardi Cosworth
Zsolt Baumgartner
71.4%
Panasonic Toyota Racing
Ricardo Zonta
69.4%
BMW WilliamsF1 Team
Antônio Pizzonia
68.7%
Panasonic Toyota Racing
Cristiano da Matta
67.3%
Jordan Ford
Timo Glock
65.3%
Jordan Ford
Giorgio Pantano
52.3%
Minardi Cosworth
Gianmaria Bruni
51.4%
Quiz Playlist
Details
Report
Send in Message
Add To Playlist
Classic:
Type in answers that appear in a list
Quiz Source
Last Updated: Feb 18, 2017
Quiz Scoreboard
CHALLENGE
Sign Up to Join the Scoreboard
Show All
Scores
Hide
Comments
May contain spoilers
Recently Published
Find the 'City' Movie
by crazypaving
Movies
60s
5x2 Blitz: Bands
by SL_Kpop136
Music
30s
Colored Red Africa Blitz
by spor1
Geography
30s
More to Explore
Quiz From the Vault
Featured Blog Post
14 Easter Pick-up Lines to Find Eggs With
hide this ad
You Might Also Like...
Tags
Auto Racing Quiz
2004
Driver
F1 Drivers
Formula 1
Today's Top Quizzes in Sports
Browse Sports
hide this ad
Today's Top Quizzes in Auto Racing
Browse Auto Racing
Top Contributed Quizzes in Sports
1
Players with Multiple 50 Home Run Seasons
2
Criteria MLB: Left Handed Sluggers
3
MLB Players with Two .350 Batting Average Seasons
4
Who Hit More Homers?
5
Premier League Clubs since 2000 (minefield)
6
Who Needs Fielders?
7
2020 F1 Drivers Logic Puzzle
8
Les entraîneurs de l'OM et du PSG au 21e siècle
9
Top 10 NHL Goal Scorers of All Time
10
MLB Hall of Famer by Rings
Explore More
Trending Topics
Disney
Harry Potter
Marvel
Kpop
Anime
NBA
Crossword
The Office
WWE
Puzzle
Country
Song
Soccer
NFL
Pokémon
hide this ad
More By:
dxx91
Quiz
Plays
Rating
Category
Featured
Created
Formula One Drivers (2007 Season)
918
4.67
Sports
Feb 6, 2017
Formula One Drivers (2016 Season)
860
5.00
Sports
Feb 10, 2017
Formula One Drivers (1999 Season)
796
5.00
Sports
Feb 3, 2017
FIFA World Cup: Poland XIs
773
5.00
Sports
Feb 3, 2017
Formula One Drivers (2009 Season)
707
5.00
Sports
Feb 8, 2017
Go to Creator's Profile
Score Distribution
Quiz Creator Spotlight
dxx91
Follow
Send a Message
Quizzes Created
-
Created Quiz Play Count
-
More By This Creator
Popular Quizzes Today
1
Colored Red Africa Blitz
2
Find the 'City' Movie
3
5x2 Blitz: Bands
4
Find the US States - No Outlines Minefield
5
The Countries of the World
6
Find the US States
7
US States
8
9x9 Crossword: Cartoon Network
More Sports Quizzes
CONCACAF Gold Cup
Published
Trending Quizzes
Colored Red Europe Blitz I
Colored Red Africa Blitz II
Colored Red Europe Blitz II
Colored Red Europe Blitz III
Colored Red Africa Blitz III
Recently Updated
Champions League XIs: Real Madrid
pecheneg
Largest US Cities 1790-2010
pecheneg
Rides in Walt Disney World
pecheneg
Most Oscar Losses (Acting)
pecheneg
Beyoncé Albums
pecheneg
Leaping Animals
pecheneg
Reality TV Shows (A-Z)
bhenderson79
Rickey Henderson's Hall of Fame Teammates
pecheneg
Champions League XIs: Arsenal
pecheneg
Quick Pick: Celebrities in WWE's Hall of Fame
aduchscher
Trending Topics
Crossword
Harry Potter
Disney
Kpop
Marvel
Anime
NBA
Puzzle
Country
Soccer
WWE
Pokémon
NFL
The Office
Song
Your Account Isn't Verified!
In order to create a playlist on Sporcle, you need to verify the email address you used during registration. Go to your
Sporcle Settings
to finish the process.
Report this User
Report this user for behavior that violates our
Community Guidelines
.
Details:
Send Report
Go to the Sporcle.com Mobile Site →
Comments